000 00370nam a22001337a 4500
082 _a344.046549
_bFAR
100 _aFaridi, Muhammad Mumtaz
245 _aManual of Environmental Protection Laws in Pakistan/
_cMuhammad Mumtaz Faridi
260 _aLahore:
_bImran Law Book House,
_c2021.
300 _a853p. ;
563 _aHB
650 _aLaw
_935302
942 _2ddc
_cBK
999 _c613143
_d613143